00637nam a2200229 a 450000100060000000300080000600500170001400800410003103500190007204000310009104100080012208200240013010000240015424500730017825000130025126000290026430000330029350000200032665000210034665000170036770000230038461495BD-RjUL20211209080954.0170118s1950 enka 001 0 eng d a(BD-RjUL)61619 aNUN:SbengcNUN:SdBD-RjUL aeng 223a657.2bSPB 19501 aSpicer, Ernest Evan10aBook-keeping and accounts /cErnest Evan Spicer and Ernest C. Pegler a12th ed. aLondon :bH.F.L.,c1950. axvi, 695 p. :bili ;c25 cm. aIncludes index. aAccounting.  aBookkeeping. aPegler, Ernest C.